How class works : power and social movement
Αποθηκεύτηκε σε:
| Κύριος συγγραφέας: | |
|---|---|
| Μορφή: | Βιβλίο |
| Γλώσσα: | English |
| Δημοσίευση: |
New Haven, Conn.; London :
Yale University Press,
c2003
|
| Θέματα: | |
| Ετικέτες: |
Προσθήκη ετικέτας
Δεν υπάρχουν, Καταχωρήστε ετικέτα πρώτοι!
|
MARC
| LEADER | 00000nam a2200000 i 4500 | ||
|---|---|---|---|
| 001 | 1/46767 | ||
| 008 | 070625s2003 eng d | ||
| 020 | |a 0-300-10504-5 | ||
| 035 | |l 10088463 | ||
| 040 | |a GR-MY-UA |b gre |e aacr | ||
| 041 | 0 | |a eng | |
| 082 | 0 | |a 305.5 |2 (22) | |
| 100 | 1 | |a Aronowitz, Stanley. | |
| 245 | 1 | 0 | |a How class works : |b power and social movement / |c Stanley Aronowitz |
| 260 | |a New Haven, Conn.; London : |b Yale University Press, |c c2003 | ||
| 300 | |a 263 σ.; |c 24 εκ. | ||
| 504 | |a Περιέχει ευρετήριο: σ. 253-263 | ||
| 650 | 0 | 0 | |a Social classes |z United States. |
| 650 | 0 | 0 | |a Social movements |z United States. |
| 650 | 0 | 0 | |a Power (Social sciences) |z United States. |
| 767 | 0 | 8 | |t Ταξικές υποθέσεις : |
| 852 | |a INST |b LESVOS |e 20070625 |h 305.5 ARO |p 005100038015 |q 005100038015 |t BK |y 0 | ||
| 901 | |a BIBL1-2007-2 | ||
| 909 | |a Λ |b 135371 | ||
| 922 | |a 1ΕΛΗ |b 200706 |c ΕΠΕΑΕΚ2/ΤΚ |d ΠΑΠΑΣΩΤΗΡΙΟΥ | ||
| 970 | |a ΚΑΡΑ |b ΓΙΑΣΕΜΗ |z 2007/06/25 | ||